Periphery Songs - Statistics

General Stats
  • This quiz has been taken 43 times
  • The average score is 56 of 79
Answer Stats
Album Song % Correct
Juggernaut: Alpha (2015) Alpha
94%
Juggernaut: Omega (2015) Omega
94%
Periphery IV: HAIL STAN (2019) Reptile
94%
Juggernaut: Alpha (2015) 22 Faces
88%
Periphery III: Select Difficulty (2016) Absolomb
88%
Periphery V: Djent Is Not a Genre (2023) Atropos
88%
Periphery (2010) Icarus Lives!
88%
Periphery III: Select Difficulty (2016) Marigold
88%
Periphery II: This Time It's Personal (2012) Scarlet
88%
Periphery III: Select Difficulty (2016) The Way the News Goes...
88%
Periphery V: Djent Is Not a Genre (2023) Wildfire
88%
Periphery V: Djent Is Not a Genre (2023) Zagreus
88%
Periphery IV: HAIL STAN (2019) Blood Eagle
82%
Periphery IV: HAIL STAN (2019) CHVRCH BVRNER
82%
Periphery IV: HAIL STAN (2019) Garden in the Bones
82%
Periphery II: This Time It's Personal (2012) Masamune
82%
Periphery IV: HAIL STAN (2019) Satellites
82%
Periphery IV: HAIL STAN (2019) Crush
76%
Periphery V: Djent Is Not a Genre (2023) Dracul Gras
76%
Periphery V: Djent Is Not a Genre (2023) Dying Star
76%
Periphery II: This Time It's Personal (2012) Epoch
76%
Periphery V: Djent Is Not a Genre (2023) Everything is Fine!
76%
Periphery IV: HAIL STAN (2019) It's Only Smiles
76%
Periphery II: This Time It's Personal (2012) Ji
76%
Periphery III: Select Difficulty (2016) Lune
76%
Periphery II: This Time It's Personal (2012) Make Total Destroy
76%
Periphery II: This Time It's Personal (2012) Muramasa
76%
Periphery III: Select Difficulty (2016) Prayer Position
76%
Periphery II: This Time It's Personal (2012) Ragnarok
76%
Periphery V: Djent Is Not a Genre (2023) Thanks Nobuo
76%
Periphery II: This Time It's Personal (2012) The Gods Must Be Crazy!
76%
Periphery V: Djent Is Not a Genre (2023) Wax Wings
76%
Periphery (2010) All New Materials
71%
Periphery III: Select Difficulty (2016) Catch Fire
71%
Periphery II: This Time It's Personal (2012) Erised
71%
Periphery II: This Time It's Personal (2012) Facepalm Mute
71%
Periphery IV: HAIL STAN (2019) Follow Your Ghost
71%
Periphery II: This Time It's Personal (2012) Froggin' Bullfish
71%
Periphery II: This Time It's Personal (2012) Have A Blast
71%
Periphery (2010) Insomnia
71%
Periphery II: This Time It's Personal (2012) Mile Zero
71%
Juggernaut: Omega (2015) Priestess
71%
Periphery V: Djent Is Not a Genre (2023) Silhouette
71%
Juggernaut: Omega (2015) Stranger Things
71%
Periphery (2010) The Walk
71%
Periphery (2010) Buttersnips
65%
Periphery III: Select Difficulty (2016) Flatline
65%
Juggernaut: Alpha (2015) Four Lights
65%
Juggernaut: Omega (2015) Graveless
65%
Periphery III: Select Difficulty (2016) Habitual Line-Stepper
65%
Juggernaut: Alpha (2015) Heavy Heart
65%
Periphery (2010) Jetpacks Was Yes!
65%
Periphery (2010) Light
65%
Juggernaut: Alpha (2015) MK Ultra
65%
Periphery III: Select Difficulty (2016) Motormouth
65%
Juggernaut: Alpha (2015) Psychosphere
65%
Periphery (2010) Racecar
65%
Periphery III: Select Difficulty (2016) Remain Indoors
65%
Juggernaut: Omega (2015) The Bad Thing
65%
Clear (2014) The Parade of Ashes
65%
Clear (2014) Zero
65%
Periphery (2010) Zyglrox
65%
Juggernaut: Alpha (2015) A Black Minute
59%
Clear (2014) Feed the Ground
59%
Periphery (2010) Letter Experiment
59%
Periphery II: This Time It's Personal (2012) Luck As A Constant
59%
Clear (2014) Overture
59%
Juggernaut: Alpha (2015) Rainbow Gravity
59%
Periphery IV: HAIL STAN (2019) Sentient Glow
59%
Periphery III: Select Difficulty (2016) The Price is Wrong
59%
Juggernaut: Omega (2015) Hell Below
53%
Periphery (2010) Ow My Feelings
53%
Clear (2014) Pale Aura
53%
Juggernaut: Alpha (2015) The Event
53%
Juggernaut: Alpha (2015) The Scourge
53%
Clear (2014) The Summer Jam
53%
Periphery (2010) Totla Mad
53%
Clear (2014) Extraneous
47%
Juggernaut: Omega (2015) Reprise
47%
No matching quizzes found
Score Distribution
Percent of People with Each Score
Percentile by Number Answered
Your Score History
You have not taken this quiz